000 00441cam a2200181ua 4500
001 9280
008 150225n ii |||gr||||Z||||||eng
040 _cMAIN
041 _aeng
082 _a820
100 _aTrevelyan, G. M.,
_eAuthor.
245 1 _aEnglish social history
_cBy G. M. Trevelyan
250 _a1st.
260 _aHyderabad:
_bOrient,
_c1994.
300 _ax,568p.
653 _aEnglish.& Old English literatures
942 _cBK
999 _c8347
_d8347